00273nam a2200097Ia 4500008004100000082001200041100001900053245008500072260000900157300000900166190415s9999 xx 000 0 und d aRM.0085 aMitra, Manoshi 0aGrowth of agricultural labour in a backward economy : A study of Purnea district c1979 a85p.